Statistics for US States with the 50 Drunkest Counties

Click here to take the quiz!

General Stats

  • This quiz has been taken 178 times
  • The average score is 4 of 5

Answer Stats

#State% Correct
41Wisconsin
89%
1North Dakota
78%
1Minnesota
76%
1South Dakota
73%
6Iowa
69%

Score Distribution

Percentile by Number Answered

Percent of People with Each Score

Your Score History

You have not taken this quiz